Ortodoncia (Registro nro. 512)
[ vista simple ]
| 000 -Cabecera | |
|---|---|
| Campo de control de longitud fija | 00675aam a2200277 4500 |
| 005 - Fecha y hora de la última transacción | |
| Campo de control | 20251114095153.0 |
| 008 - Elementos de longitud fija--Información general | |
| Campo de control de longitud fija | 150805b1982 xxu||||| |||| 00| 0 spa d |
| 020 ## - International Standard Book Number | |
| Número Internacional Estándar del Libro (ISBN) | 9684261861 |
| 041 ## - Idioma | |
| Código de idioma | Español |
| 082 ## - Clasificación Decimal Dewey | |
| Número de clasificación | 617.643 Ch431o |
| 100 ## - Entrada principal--Autor personal | |
| Nombre personal | Chaconas, Spiro |
| 9 (RLIN) | 18143 |
| 245 ## - Título propiamente dicho | |
| Título | Ortodoncia |
| 260 ## - Pie de imprenta | |
| Lugar de publicación, distribución, etc. | México |
| 260 ## - Pie de imprenta | |
| Nombre del editor, distribuidor, etc. | El Manual Moderno |
| 260 ## - Pie de imprenta | |
| Fecha de publicación, distribución, etc. | 1982 |
| 300 ## - Descripción física | |
| Extensión | 312 páginas |
| 300 ## - Descripción física | |
| Otras características físicas | Ilustraciones a blanco y negro |
| 490 ## - Serie | |
| Título de la Serie | Mecánica Dental |
| 650 ## - Materia general | |
| Temática (materia general) | ORTODONCIA |
| 650 ## - Materia general | |
| Temática (materia general) | OCLUSIÓN |
| 650 ## - Materia general | |
| Temática (materia general) | MALOCLUSIÓN |
| 650 ## - Materia general | |
| Temática (materia general) | CEFALOMETRÍA |
| 650 ## - Materia general | |
| Temática (materia general) | APARATOLOGÍA REMOVIBLE |
| 650 ## - Materia general | |
| Temática (materia general) | APARATO HAWLEY |
| 942 ## - Punto de acceso adicional KOHA | |
| Tipo de ítem KOHA | Libro |
| Fuente del sistema de clasificación o colocación | Dewey Decimal Classification |
| Signatura completa | Código de barras | Programa Académico | Tipo de ítem |
|---|---|---|---|
| 617.643 Ch431o | 1155 | Mecánica Dental | Libro |
| 617.643 Ch431o | 3726 | Mecánica Dental | Libro |
| 617.643 Ch431o | 7084 | Mecánica Dental | Libro |